[Event "AUTO-ADV-1997"]
[Site "http://www.queenalice.com/game.php?id=868873"]
[Date "2010.12.7"]
[Round "1"]
[White "Taimanovbr"]
[Black "maurice91"]
[Result "1/2-1/2"]
[WhiteElo "1840"]
[BlackElo "1728"]

1. Nf3 f5 2. g3 Nf6 3. Bg2 d5 4. O-O c5 5. d4 e6 6. Bf4 Nc6 7. c3 Be7 8. Qc2 b6
9. h4 h6 10. Rd1 Bb7 11. a3 Qd7 12. b4 c4 13. Nbd2 Ne4 14. Be5 Bf6 15. Bxf6 Nxf6
16. Ne5 Nxe5 17. dxe5 Ng4 18. Nf3 Qc7 19. e3 Nxe5 20. Nxe5 Qxe5 21. Rd4 O-O 22.
Qd2 Rab8 23. f4 Qf6 24. Kh2 1/2-1/2

[Event "AUTO-ADV-1997"]
[Site "http://www.queenalice.com/game.php?id=868882"]
[Date "2010.12.7"]
[Round "1"]
[White "Boeing"]
[Black "Taimanovbr"]
[Result "1-0"]
[WhiteElo "1821"]
[BlackElo "1827"]

1. e4 c5 2. c4 Nc6 3. Nf3 d6 4. Bd3 g6 5. O-O Bg7 6. Re1 Nf6 7. Nc3 O-O 8. a3 e6
9. Qc2 a6 10. e5 dxe5 11. Nxe5 Nd4 12. Qd1 Qc7 13. b4 Nd7 14. Nxd7 Qxd7 15. bxc5
Nc6 16. Be4 Bd4 17. Bxc6 Qxc6 18. Rb1 Bxc5 19. d4 Be7 20. c5 Bf6 21. Rb6 Qc7 22.
Qa4 Bd7 23. Qb3 Bc6 24. d5 exd5 25. Nxd5 Bxd5 26. Qxd5 Rfd8 27. Qxb7 Qxc5 28.
Rxf6 1-0

[Event "AUTO-ADV-1997"]
[Site "http://www.queenalice.com/game.php?id=868883"]
[Date "2010.12.7"]
[Round "1"]
[White "Taimanovbr"]
[Black "Boeing"]
[Result "1/2-1/2"]
[WhiteElo "1811"]
[BlackElo "1809"]

1. d4 e6 2. c4 h6 3. Nc3 Bb4 4. Qb3 a5 5. Nf3 Nf6 6. a3 Bxc3+ 7. Qxc3 O-O 8. g3
Ne4 9. Qc2 d5 10. Bg2 Nc6 11. O-O f5 12. Ne1 Nxd4 13. Qd1 dxc4 14. Nc2 Nxc2 15.
Qxc2 Ra6 16. Qxc4 Rc6 17. Qb3 b6 18. Bf4 g5 19. Be5 Rc5 20. f4 Nd2 21. Qe3 Nxf1
22. Rxf1 Rc2 23. Bc3 Ba6 24. Qxe6+ Kh7 25. Qe5 Rf7 26. fxg5 Rxe2 27. Qf4 Rxg2+
28. Kxg2 Qd5+ 29. Kg1 Bxf1 30. Qxf1 h5 31. Qe2 Kg6 32. Qe8 Qc5+ 33. Kg2 Qd5+ 34.
Kg1 1/2-1/2

[Event "AUTO-INT-1760"]
[Site "http://www.queenalice.com/game.php?id=914077"]
[Date "2011.3.18"]
[Round "2"]
[White "Snoopy_GM"]
[Black "Taimanovbr"]
[Result "0-1"]
[WhiteElo "1895"]
[BlackElo "1828"]

1. d4 d5 2. c4 c6 3. Nc3 Nf6 4. e3 e6 5. Nf3 Nbd7 6. Bd3 Bd6 7. c5 Bc7 8. O-O
O-O 9. Qc2 e5 10. dxe5 Nxe5 11. Nxe5 Bxe5 12. b4 a6 13. f4 Bc7 14. e4 dxe4 15.
Nxe4 Nxe4 16. Bxe4 Qd4+ 17. Rf2 Qxa1 18. Bxh7+ Kh8 19. Rf1 Be6 20. f5 Kxh7 21.
fxe6+ Kg8 22. exf7+ Rxf7 23. Rxf7 Kxf7 24. Qc4+ Kf8 25. Qf1+ Qf6 26. Qxf6+ gxf6
27. h4 Rd8 28. Kf2 Kf7 29. g3 Rd3 30. Bf4 Bxf4 31. gxf4 Kg6 0-1

[Event "AUTO-INT-1760"]
[Site "http://www.queenalice.com/game.php?id=914078"]
[Date "2011.3.18"]
[Round "2"]
[White "Taimanovbr"]
[Black "Snoopy_GM"]
[Result "1/2-1/2"]
[WhiteElo "1853"]
[BlackElo "1837"]

1. Nf3 Nf6 2. d4 g6 3. g3 Bg7 4. Bg2 O-O 5. O-O d6 6. c3 Be6 7. Re1 Nc6 8. e4
Bg4 9. Qd3 a6 10. Be3 e6 11. Nfd2 e5 12. Na3 b5 13. f3 Be6 14. d5 Bxd5 15. exd5
Ne7 16. f4 exf4 17. Bxf4 Re8 18. Nf1 Qd7 19. Nd2 Qf5 20. Qxf5 Nxf5 21. Nc2 Bh6
22. Bxh6 Nxh6 23. Rxe8+ Rxe8 24. Re1 Rxe1+ 25. Nxe1 Nf5 26. Nc2 Ne7 27. Ne3 h5
28. c4 bxc4 29. Ndxc4 Kg7 30. Kf2 g5 31. Ke2 Nd7 32. h4 g4 33. b4 Kf6 34. Na5
Ke5 35. Nc6+ Nxc6 36. dxc6 Nb6 37. Kd3 f5 38. Nc4+ Nxc4 39. Kxc4 f4 40. gxf4+
Kxf4 41. a4 Kg3 42. b5 axb5+ 43. axb5 Kxg2 44. b6 cxb6 45. c7 g3 46. c8=Q Kh2
47. Qf8 g2 48. Qf4+ Kh1 49. Qxd6 g1=Q 50. Qd5+ Qg2 51. Qxh5 Qa2+ 52. Kc3 Qa3+
1/2-1/2

[Event "AUTO-INT-1787"]
[Site "http://www.queenalice.com/game.php?id=919818"]
[Date "2011.3.31"]
[Round "2"]
[White "Snoopy_GM"]
[Black "Taimanovbr"]
[Result "1-0"]
[WhiteElo "1836"]
[BlackElo "1858"]

1. d4 d5 2. c4 c6 3. Nc3 Nf6 4. Nf3 dxc4 5. a4 Bf5 6. Bg5 Nbd7 7. e3 e6 8. Bxc4
Be7 9. O-O O-O 10. h3 h6 11. Bh4 Bh7 12. Re1 Ne4 13. Bxe7 Qxe7 14. Bd3 Nxc3 15.
Bxh7+ Kxh7 16. bxc3 Rfd8 17. c4 Nf6 18. Qd3+ Kh8 19. c5 b6 20. Rec1 bxc5 21. Qc4
cxd4 22. Nxd4 Rdc8 23. a5 c5 24. Nb5 Rab8 25. Rc3 Nd5 26. Rb3 Nc7 27. Nxa7 1-0

[Event "AUTO-INT-1787"]
[Site "http://www.queenalice.com/game.php?id=919819"]
[Date "2011.3.31"]
[Round "2"]
[White "Taimanovbr"]
[Black "Snoopy_GM"]
[Result "1-0"]
[WhiteElo "1852"]
[BlackElo "1882"]

1. e4 e5 2. Nf3 Nc6 3. Bb5 Nge7 4. c3 g6 5. d4 exd4 6. cxd4 Bg7 7. Be3 a6 8. Ba4
b5 9. Bc2 O-O 10. O-O d5 11. Nc3 Nb4 12. Bb1 Bg4 13. h3 Bxf3 14. gxf3 Qd7 15.
Kh2 Nbc6 16. e5 f6 17. exf6 Rxf6 18. f4 Nf5 19. Bxf5 Qxf5 20. Rg1 Bh6 21. Ne2
Nd8 22. Rc1 c6 23. Qd2 Ne6 24. Rxc6 Raf8 25. Rxe6 Qxe6 26. Rc1 Rc8 27. Rxc8+ Rf8
28. Rxf8+ Kxf8 29. Qb4+ Kf7 30. Qc5 Kf6 31. Qc7 g5 32. Qe5+ Qxe5 33. fxe5+ Ke6
34. Kg3 Kf5 35. h4 gxh4+ 36. Kxh4 Bf8 37. Ng3+ Ke6 38. Kg4 Bb4 39. a3 Be1 40.
Kg5 Ba5 41. Kh6 Bd8 42. Kxh7 Bh4 43. Kg6 a5 44. Kh5 Be7 45. Kg6 Bh4 46. Ne2 Be7
47. Nf4+ Kd7 48. Nxd5 Ke6 49. Nxe7 Kxe7 50. d5 1-0

[Event "AUTO-INT-1787"]
[Site "http://www.queenalice.com/game.php?id=919826"]
[Date "2011.3.31"]
[Round "2"]
[White "Taimanovbr"]
[Black "Tal0n"]
[Result "1-0"]
[WhiteElo "1841"]
[BlackElo "1737"]

1. e4 e5 2. Nf3 Nc6 3. Bb5 Nf6 4. O-O Nxe4 5. d4 f6 6. Re1 d5 7. dxe5 a6 8.
Bxc6+ bxc6 9. exf6 Qxf6 10. Nbd2 Bf5 11. Qe2 Be7 12. Nxe4 Bxe4 13. Nd2 Bxc2 14.
Nb3 Bxb3 15. axb3 O-O 16. Qxe7 Qxe7 17. Rxe7 Rab8 18. Rxa6 Rf6 19. Rxc7 Rxb3 20.
Ra8+ Rf8 21. Rxf8+ Kxf8 22. g3 Rb6 23. Be3 Ra6 24. Bd4 Ra4 25. Bxg7+ Kg8 26. Be5
Re4 27. f4 Rc4 28. Rg7+ Kh8 29. Rc7+ Kg8 30. h4 d4 31. Kf2 Rc5 32. Bxd4 Rc2+ 33.
Kf3 Kf8 34. Kg4 Ke8 35. Kg5 Kd8 36. Rxh7 c5 37. Bc3 c4 38. f5 Ke8 39. f6 Kf8 40.
Kg6 Rg2 41. Rh8# 1-0

[Event "AUTO-INT-1787"]
[Site "http://www.queenalice.com/game.php?id=919827"]
[Date "2011.3.31"]
[Round "2"]
[White "Tal0n"]
[Black "Taimanovbr"]
[Result "0-1"]
[WhiteElo "1726"]
[BlackElo "1847"]

1. e4 c6 2. c4 g6 3. Nf3 Bg7 4. e5 d5 5. exd6 exd6 6. Nc3 Nf6 7. d4 O-O 8. d5 c5
9. Be3 a6 10. Bd3 Re8 11. O-O Nbd7 12. a3 Ne5 13. b4 cxb4 14. axb4 Bg4 15. h3
Bxf3 16. gxf3 Qc8 17. c5 dxc5 18. bxc5 Qxh3 19. f4 Nf3+ 20. Qxf3 Qxf3 21. Rae1
Ng4 22. Be4 Qh3 23. f3 Qh2# 0-1

[Event "AUTO-ADV-2195"]
[Site "http://www.queenalice.com/game.php?id=951495"]
[Date "2011.6.19"]
[Round "1"]
[White "Taimanovbr"]
[Black "luiz_antonio"]
[Result "1-0"]
[WhiteElo "1806"]
[BlackElo "1887"]

1. e4 e5 2. Nf3 Nc6 3. Bb5 Nge7 4. c3 a6 5. Ba4 b5 6. Bc2 Ng6 7. d3 Bb7 8. O-O
Be7 9. Nbd2 O-O 10. Re1 a5 11. Nf1 Ra6 12. d4 exd4 13. Nxd4 Nce5 14. Nxb5 c5 15.
a4 h6 16. f4 Nc4 17. b3 Nb6 18. c4 Qb8 19. g3 Nc8 20. Qxd7 Bd8 21. Bb2 Bc6 22.
Qd3 Be7 23. Ne3 Rd8 24. Nd5 Bxd5 25. cxd5 Qb6 26. Kg2 Nd6 27. Rad1 Qb7 28. e5
Nxb5 29. axb5 Rb6 30. Qe4 Rxb5 31. d6 Bf8 32. Qxb7 Rxb7 33. f5 Nh8 34. Rd5 g6
35. g4 f6 36. exf6 g5 37. Red1 Rdd7 38. Ba3 Rb5 39. h4 Nf7 40. Rxc5 Rxc5 41.
Bxc5 Bxd6 42. Bxd6 Rxd6 43. Rxd6 Nxd6 44. hxg5 hxg5 45. Kf3 Kf7 46. Ke3 Kxf6 47.
Kd4 Ke7 48. Kd5 Kd7 49. Bd3 Nb7 50. Bb5+ Ke7 51. Ke5 Nd6 52. f6+ 1-0

[Event "AUTO-ADV-2195"]
[Site "http://www.queenalice.com/game.php?id=951496"]
[Date "2011.6.19"]
[Round "1"]
[White "luiz_antonio"]
[Black "Taimanovbr"]
[Result "1-0"]
[WhiteElo "1899"]
[BlackElo "1854"]

1. e4 c6 2. d4 d5 3. e5 Bf5 4. h4 h5 5. Be2 Bg6 6. Nh3 Nd7 7. f4 e6 8. g3 Ne7 9.
Nc3 c5 10. dxc5 Nxc5 11. Be3 Nc6 12. Bb5 Rc8 13. b4 Ne4 14. Ne2 Bxb4+ 15. Kf1
O-O 16. a3 Be7 17. Bd3 Nxg3+ 18. Nxg3 Bxh4 19. Nxh5 Bxh5 20. Qxh5 d4 21. Qh7#
1-0

[Event "AUTO-ADV-2195"]
[Site "http://www.queenalice.com/game.php?id=951497"]
[Date "2011.6.19"]
[Round "1"]
[White "Taimanovbr"]
[Black "rchedid"]
[Result "0-1"]
[WhiteElo "1869"]
[BlackElo "1897"]

1. e4 c5 2. Nf3 d6 3. d4 cxd4 4. Nxd4 Nf6 5. Nc3 a6 6. Be2 e5 7. Nb3 Be6 8. Bg5
Nbd7 9. Qd2 Be7 10. O-O d5 11. exd5 Nxd5 12. Bxe7 Nxe7 13. Rad1 O-O 14. Bf3 Rb8
15. Nd4 exd4 0-1

[Event "AUTO-ADV-2195"]
[Site "http://www.queenalice.com/game.php?id=951498"]
[Date "2011.6.19"]
[Round "1"]
[White "rchedid"]
[Black "Taimanovbr"]
[Result "1-0"]
[WhiteElo "1917"]
[BlackElo "1828"]

1. e4 c6 2. d4 d5 3. e5 Bf5 4. Nf3 e6 5. Be2 a6 6. O-O h6 7. Nbd2 Nd7 8. Re1 c5
9. Nf1 Qc7 10. Be3 Ne7 11. c3 Nc6 12. Nh4 Bh7 13. Bd3 Bxd3 14. Qxd3 Be7 15. Ng6
Rg8 16. f4 O-O-O 17. Nxe7+ Nxe7 18. Bf2 Kb8 19. Ne3 g6 20. Rac1 Nf5 21. g4 Nxe3
22. Bxe3 c4 23. Qc2 Rc8 24. f5 gxf5 25. Rf1 Rxg4+ 26. Kh1 h5 27. Qf2 Rcg8 28.
Rg1 Qd8 29. Rxg4 hxg4 30. Rg1 Rh8 31. Bf4 b5 32. Bg3 Kb7 33. b3 Kc6 34. b4 a5
35. Qb2 axb4 36. Qxb4 Qf8 37. Qb2 Qe7 38. Rb1 Rb8 39. Kg2 Qd8 40. Qa3 Qf8 41.
Qxf8 Rxf8 42. Bf4 Ra8 43. Rb2 Ra3 44. Bd2 Nf8 45. h3 gxh3+ 46. Kxh3 Ng6 47. Kg3
Ra8 48. Bg5 Nf8 49. Rh2 Nd7 50. Kf4 Nb8 51. Be7 Kd7 52. Bd6 Kc6 53. a3 Na6 54.
Rh7 Ra7 55. Kg5 Rd7 56. Kf6 Nc7 57. Be7 Na8 58. Rxf7 Nb6 59. Kxe6 Rxe7+ 60. Kxe7
Na4 61. Kd8 Nxc3 62. e6 Ne4 63. e7 Nd6 64. Rf6 1-0

[Event "AUTO-ADV-2195"]
[Site "http://www.queenalice.com/game.php?id=951499"]
[Date "2011.6.19"]
[Round "1"]
[White "Taimanovbr"]
[Black "Ninja"]
[Result "0-1"]
[WhiteElo "1840"]
[BlackElo "1945"]

1. e4 e5 2. Nf3 Nc6 3. Bb5 Nge7 4. O-O d5 5. Nc3 Bd7 6. Re1 d4 7. Ne2 a6 8. Ba4
b5 9. Bb3 h6 10. d3 Ng6 11. a4 Be7 12. Bd2 O-O 13. Ng3 Bh4 14. Nxh4 Nxh4 15. f4
exf4 16. Bxf4 Be6 17. c3 Qd7 18. Qd2 Bxb3 0-1

[Event "AUTO-ADV-2195"]
[Site "http://www.queenalice.com/game.php?id=951500"]
[Date "2011.6.19"]
[Round "1"]
[White "Ninja"]
[Black "Taimanovbr"]
[Result "1-0"]
[WhiteElo "1961"]
[BlackElo "1816"]

1. e4 e5 2. Nf3 Nc6 3. Bc4 Be7 4. Nc3 Nf6 5. d3 O-O 6. O-O h6 7. Nd5 d6 8. h3 a6
9. Bd2 b5 10. Nxf6+ Bxf6 11. Bd5 Bd7 12. b4 Rb8 13. a4 Ne7 14. c4 c5 15. axb5
axb5 16. bxc5 dxc5 17. Ba5 Qc8 18. Bc3 Qc7 19. Nh2 Bc6 20. Ng4 bxc4 21. Nxf6+
gxf6 22. Bxc4 Kh7 23. Qh5 Ng8 24. Bd2 Qe7 25. f4 Bd7 26. f5 Bb5 27. Rf3 Bxc4 28.
dxc4 Rb2 29. Be3 Rb3 30. Rg3 1-0